01610nam a2200205 a 4500003000500000005001700005008004100022010001000063011001100073020001500084035001100099040000900110111013900119245013200258260003800390300003800428505088700466650002401353650002701377CHAP20220817044412.0101129s2000 mx 00010 spa d a99979 a100951 a9680202186 a111637 cCHAP2 aTaller Nacional Sobre Recursos Fitogenéticos para la Alimentación y la Agricultura en México (n1c: Chapingo, Méx.d: [200?].10aPrimer taller nacional sobre recursos fitogenéticos para la alimentación y la agricultura en México[Disco compacto]c/por aChapingo, Méx. :bUACH,c[200?] a9 discos compactos ;c4 3/4 plgs.0 aCD 1. Estado Actual de los RRFFAA en México. CD 2. La convención Sobre Diversidad Biológica y el Tratado Internacional sobre los RRFFAA. -- El Sistema Nacional de RRFFAA de México. -- Redes de Investigación en RRFFAA: Resultados, Problemática, Propuestas y Prespectivas. CD 3. Legislación Actual sobre los RRFFAA. CD 4. Los Recursos Fitogenéticos; Su apropiación y Acceso. CD 5. Papel de las Diferentes Dependencias Vinculadas a la Protección de os Recursos Fitogenéticos. CD 6. Papel de las Diferentes Dependencias Vinculadas a la Protección de os Recursos Fitogenéticos. CD 7.Esquemas para la Distribución de los Bene¡ficios Derivados del Uso de los Recursos Fitogenéticos. CD 8. Presentación de Conclusiones de cada Mesa de Trabajo. CD 9. Presentación del Taller Internacional. -- Lectura de l a Declaratoria Conjunta, Protocolo de la Clausura.04aGenética vegetal.04aGenéticaxCongresos.